=LDR 00000nam 2200000 4500 =001 INLIS000000000004058 =005 20250620092737 =035 ##$$a 0010-0625000263 =007 ta =008 250620###########################0#ind## =020 ##$$a - =082 ##$$a 304.66 =084 ##$$a 304.66 IRI r =100 #$$a IRIYANTO LASOMA =245 1#$$a RENCANA KERJA PENINGKATAN KINERJA PENGELOLAAN KIE KB PRIA PADA BIDANG KB/KR BKKBN PROVINSI GORONTALO /$c IRIYANTO LASOMA (Penulis) =250 ##$$a - =260 ##$$a Jakarta :$b Badan Kependudukan dan Keluarga Berencana Nasional,$c 2010 =300 ##$$a 52 hlm : $b ilus ; $c 23 cm$e - =520 ##$$a - =600 #4$$a Keluarga Berencana =856 ##$$a Perpustakaan BKKBN Pusat